Music Quiz

Random Music or Song Quiz

Two Princes Quick Trivia Quiz Stats

 Plays Quiz not verified by Sporcle

Support Sporcle.
Go Orange.
Score 0/11 Timer 01:00
0 Plays Today
Question Answer % Correct
What band wrote the song?Spin Doctors
72.3%
When was the song released?April 13, 1993
60%
In which countries did the song peak at #1 on the charts?Sweden and USA
58.5%
What word appears most in the song?Now
35.4%
From what album does the song originate?Pocket Full of Kryptonite
23.1%
What Mike Meyers movie features the song?So I Married An Axe Murderer
13.8%
What does the Sesame Street version emphasize the importance of?Sharing
12.3%
Futurama considers the song in what genre?College Rock
12.3%
How long is the song? (m:ss)4:18
9.2%
What 2005 movie featured the song?Pooh's Heffalump Movie
3.1%
What's the B-side to the song?Off My Line (Live)
1.5%

You're not logged in!

Compare scores with friends on all Sporcle quizzes.
OR
Log In

From the Vault

Supergroups by Associated Bands

by voljtw

Some chicks and dudes rock too much for just one band.
Remove Ads.
Support Sporcle.
Get the best of Sporcle when you Go Orange. This ad-free experience offers more features, more stats, and more fun while also helping to support Sporcle. Thank you for becoming a member.

Show Comments

Extras

Created Feb 13, 2011SourceReportNominate
Tags:Song Quiz

Top Quizzes Today


Score Distribution

Your Account Isn't Verified!

In order to create a playlist on Sporcle, you need to verify the email address you used during registration. Go to your Sporcle Settings to finish the process.

Report this User

Report this user for behavior that violates our Community Guidelines.

Details: